书目信息 |
| 题名: |
安全生产技术
|
|
| 作者: | 吴宗之 主编 | |
| 分册: | ||
| 出版信息: | 北京 中国大百科全书出版社 2011 |
|
| 页数: | 472页 | |
| 开本: | 26cm | |
| 丛书名: | ||
| 单 册: | ||
| 中图分类: | X931 | |
| 科图分类: | ||
| 主题词: | 安全生产--资格考试--自学参考资料 , 安全生产 | |
| 电子资源: | ||
| ISBN: | 978-7-5000-8561-4 | |
| 000 | 01047nam0 2200265 450 | |
| 001 | 140079 | |
| 005 | 20140915114657.12 | |
| 010 | @a978-7-5000-8561-4@dCNY 90.00 | |
| 100 | @a20120107d2011 em y0chiy50 ea | |
| 101 | 0 | @achi |
| 102 | @aCN@b110000 | |
| 105 | @ay z 000yy | |
| 200 | 1 | @a安全生产技术@Aan quan sheng chan ji shu@b专著@e2011版@f吴宗之主编 |
| 205 | @a3版 | |
| 210 | @a北京@c中国大百科全书出版社@d2011 | |
| 215 | @a472页@d26cm | |
| 300 | @a全国注册安全工程师执业资格考试辅导教材 | |
| 304 | @a中国安全生产协会注册安全工程师工作委员会、中国安全生产科学研究院组织编写 | |
| 330 | @a本书主要介绍综合性及矿山、建筑和危险化学品高危行业的安全生产技术。全书共计九章,内容包括:机械安全技术、电气安全技术、特种设备安全技术、防火防爆安全技术、运输安全技术、矿山安全技术、建筑施工安全技术、危险化学品安全技术、职业危害控制技术。 | |
| 606 | 0 | @a安全生产@x资格考试@j自学参考资料 |
| 606 | 0 | @a安全生产 |
| 690 | @aX931@v4 | |
| 701 | 0 | @a吴宗之@Awu zong zhi@f(1963 )@4主编 |
| 801 | 0 | @aCN@bZL@c20140915 |
| 905 | @a241430@dX931@eW920=3 | |
| 安全生产技术:2011版/吴宗之主编.-3版.-北京:中国大百科全书出版社,2011 |
| 472页;26cm |
| 全国注册安全工程师执业资格考试辅导教材 |
| ISBN 978-7-5000-8561-4:CNY 90.00 |
| 本书主要介绍综合性及矿山、建筑和危险化学品高危行业的安全生产技术。全书共计九章,内容包括:机械安全技术、电气安全技术、特种设备安全技术、防火防爆安全技术、运输安全技术、矿山安全技术、建筑施工安全技术、危险化学品安全技术、职业危害控制技术。 |
| ● |
| 相关链接 |
|
|
|
正题名:安全生产技术
索取号:X931/W920=3
 
预约/预借
| 序号 | 登录号 | 条形码 | 馆藏地/架位号 | 状态 | 备注 |
| 1 | 0833393 | 208333935 | 市政与环境工程学院资料室/501自科库 122排1列4层/ [索取号:X931/W920=3] | 在馆 | |
| 2 | 0833394 | 208333944 | 自科库501/501自科库 122排1列3层/ [索取号:X931/W920=3] | 在馆 | |
| 3 | 0833395 | 208333953 | 自科二线504/504自科库 41排6列6层/ [索取号:X931/W920=3] | 在馆 | |
| 4 | 0833396 | 208333962 | 自科二线504/504自科库 41排6列6层/ [索取号:X931/W920=3] | 在馆 | |
| 5 | 0833397 | 208333971 | 市政与环境工程学院资料室/501自科库 122排1列3层/ [索取号:X931/W920=3] | 在馆 | |
| 6 | 0833398 | 208333980 | 市政与环境工程学院资料室/501自科库 122排1列3层/ [索取号:X931/W920=3] | 在馆 | |
| 7 | 0833399 | 208333999 | 市政与环境工程学院资料室/501自科库 122排1列4层/ [索取号:X931/W920=3] | 在馆 | |
| 8 | 0833400 | 208334006 | 市政与环境工程学院资料室/501自科库 122排1列4层/ [索取号:X931/W920=3] | 在馆 | |
| 9 | 0833401 | 208334015 | 市政与环境工程学院资料室/501自科库 122排1列3层/ [索取号:X931/W920=3] | 在馆 | |
| 10 | 0833402 | 208334024 | 自科二线504/504自科库 41排6列6层/ [索取号:X931/W920=3] | 在馆 |